000 00591nam a2200169Ia 4500
008 090201s9999 xx 000 0 und d
010 _aKPL-23645
040 _bमराठी
041 _aमराठी
082 _a40812
_b23645
100 _aजेम्स हॅडली चेस
245 _aकिस्सा एका रात्रीचा
_cजेम्स हॅडली चेस
260 _c2004
_bमनोरंजन प्रकाशन
300 _a167
_bमोठा
600 _aकिस्सा एका रात्रीचा
942 _cBOOK
999 _c238045
_d238045